00598nam a2200133Ia 4500008004100000100002300041245008800064245016400152260005300316260000900369300001000378650001500388856006100403170221s9999 xx 000 0 und d aElena Y. Ivinskaya aDevelopment of Competitive Relations in the Russian Market of Educational Services  cElena Y. Ivinskaya, Aleksandr A. Nikitin, Aleksandr S. Markovichev, Vasily Y. Sinenko, Irina A. Mavrina, Akram Z. Zhafyarov, Olga A. Milinis, Gennady N. Zhukov bInternational Review of Management and Marketing c2013 a1 : 1 xMarketing. uhttp://www.econjournals.com/index.php/irmm/issue/view/64